Statistics for Baseball closers of 1990

Click here to take the quiz!

General Stats

  • This quiz has been taken 29 times
  • The average score is 6 of 20

Answer Stats

HintAnswer% Correct
Oakland AthleticsDennis Eckersley
65%
Baltimore Orioles - Gregg ________Olson
65%
Toronto Blue JaysTom Henke
52%
St. Louis CardinalsLee Smith
52%
Chicago White SoxBobby Thigpen
43%
New York MetsJohn Franco
39%
Cincinnati RedsRandy Myers
35%
California Angels - Bryan ________Harvey
35%
Boston Red SoxJeff Reardon
26%
Minnesota TwinsRick Aguilera
26%
Cleveland IndiansDoug Jones
22%
Kansas City RoyalsJeff Montgomery
17%
Houston AstrosDave Smith
13%
Philadelphia PhilliesRoger McDowell
13%
Montreal ExposTim Burke
13%
Detroit TigersMike Henneman
13%
New York YankeesDave Righetti
13%
Milwaukee BrewersDan Plesac
9%
Seattle MarinersMike Schooler
9%
San Diego PadresCraig Lefferts
4%

Score Distribution

Percentile by Number Answered

Percent of People with Each Score

Your Score History

You have not taken this quiz